Locuzioni latine - Quiz n°3 - Statistics

Statistiche generali
  • Questo quiz è stato fatto 46 volte
  • Il punteggio medio è 9 su 10
Statistiche sulle risposte
Hint Risposta % Corretto
Errare humanum est, perseverare autem diabolicum Commettere errori è umano, ma perseverare (nell'errore) è diabolico
100%
Gallia est omnis divisa in partes tres La Gallia, nel suo complesso, è divisa in tre parti
100%
Divide et impera Dividi e comanda
98%
Nomen omen Il nome è un presagio
98%
Primus inter pares Primo tra i pari
95%
E pluribus unum Dai molti uno
93%
Alibi Altrove
90%
Ex aequo Parità di posizione
90%
Do ut des Io do affinché tu dia
85%
In medias res Nel mezzo della cosa, dell'argomento
85%
Nessun quiz corrispondente trovato
Distribuzione punteggi
Percentuale di utenti per punteggio
Percentile per numero di risposta
I tuoi punteggi nel tempo
Non hai fatto questo quiz